000 00244nam a22001097a 4500
003 OSt
008 231116b |||||||| |||| 00| 0 eng d
041 _amal
100 _aBhaskara Kuruppu, P.T
_95701
245 _aViswavinjana kosam /
942 _cBK
999 _c17993
_d17993